Statistics for Word Forms of Water

Click here to take the quiz!

General Stats

  • This quiz has been taken 6 times
  • The average score is 2 of 10

Answer Stats

DescriptionName% Correct
MolecularH2O
83%
CommonWater
83%
HumorousDihydrogen Monoxide
33%
Acidic (Shortened)Hydric Acid
0%
AlkaliHydrogen Hydroxide
0%
SimpleHydrogen Oxide
0%
Acidic (Lengthened)Hydrohydroxic Acid
0%
Acidic (Short Lengthened)Hydroxic Acid
0%
AcidicHydroxylic Acid
0%
IUPACOxidane
0%

Score Distribution

Percentile by Number Answered

Percent of People with Each Score

Your Score History

You have not taken this quiz